| 000 | 03330nab a22007217 4500 | ||
|---|---|---|---|
| 003 | AR-RoUNA | ||
| 022 | _a0327-9022 | ||
| 040 |
_aAR-RoUNA _bspa |
||
| 041 | _aspa | ||
| 044 | _aag | ||
| 245 |
_aSumma+ / _bTeatros - Despliegues Formales |
||
| 260 |
_aBuenos Aires (Argentina): _cDonn SA, _b1993. |
||
| 300 |
_a132 p. : _bil. byn. _bplanos _c34X25 cm. |
||
| 505 | 0 | _tINDICE | |
| 505 | 0 | _aFernando Diez, Gustavo Alonso Serafin y Martín Di Peco / Teatros, despliegues formales, malas e interiores. p. 1 | |
| 505 | 0 | _tCARTELERA | |
| 505 | 0 | _tTEATROS | |
| 505 | 0 | _aGustavo Alonso Serafin / La caja, La caja. p. 8 | |
| 505 | 0 | _aTeatro Regional del Bío Bío / Smiljan Radic. p. 10 | |
| 505 | 0 | _aForo Boca / Rojkind Arquitectos. p. 20 | |
| 505 | 0 | _aTeatro Shakesperiano de Gdansk / Renato Rizzi. p. 30 | |
| 505 | 0 | _aComplejo Cultural de Vic I´Atlantida / Llinás - Llobet - Ayesta - Vives. p. 40 | |
| 505 | 0 | _tDESPLIEGUES FORMALES | |
| 505 | 0 | _tLA FIESTA DE LA FORMA, Martín Di Peco. p. 30 | |
| 505 | 0 | _aPabellón Cielo y Tierra / Morini arquitectos. p. 54 | |
| 505 | 0 | _aClaudio Vekstein / Espacio Conmemorativo y Monumento al 100º Aniversario del Grito de Alcorta. p. 62 | |
| 505 | 0 | _aSubirás arquitectes / Centro cultural ¨La Cometa¨. p. 74 | |
| 505 | 0 | _tBIENAL DE VENECIA 18 | |
| 505 | 0 | _aPatricia Tetzlaf / Espacio libre para Venecia. p. 80 | |
| 505 | 0 | _aPabellón Argentino: Vértigo Horizontal. p. 84 | |
| 505 | 0 | _aLas capillas del Vaticano. p. 86 | |
| 505 | 0 | _aFlorencia Álvarez Pacheco / ¨Somos arquitectas, no curadoras¨. p.88 | |
| 505 | 0 | _tMALLAS | |
| 505 | 0 | _tHILO Y TRAMA, ARGUMENTO Y TEXTURA, Martín Di Peco. p. 92 | |
| 505 | 0 | _aDeriva / Campus Virtual Universidad Nacional de Córdoba. p. 94 | |
| 505 | 0 | _aKengo Kuma / Komatsu Seiko Fabric Laboratory. p. 100 | |
| 505 | 0 | _aOffice / Centro de Música Tradicional Dar Al Jinaa. p. 102 | |
| 505 | 0 | _tHISTORIA | |
| 505 | 0 | _tEL LADRILLO COMO ESTRATEGIA | |
| 505 | 0 | _aFederico Pastorino / Sobre la obra del arquitecto rosarino Jorge Scrimaglio, Federico Pastorino. p. 104 | |
| 505 | 0 | _tINTERIORES | |
| 505 | 0 | _tINSISTENCIA MATERIAL, Magdalena Tagliabue. p. 112 | |
| 505 | 0 | _aMurado & Elvira / Librería Pública de Baiona. p. 112 | |
| 505 | 0 | _aTEd´A / Can Picafort. p. 118 | |
| 505 | 0 | _tPROYECTOS | |
| 505 | 0 | _aConcursos internacionla Centro Cultural Añelo (Vaca Muerta). p. 122 | |
| 505 | 0 | _tCUADERNOS DE VIAJES | |
| 505 | 0 | _aIgnacio Ros de Olano / Oporto en el papel. p. 125 | |
| 505 | 0 | _aGustavo Alonso Serafin / Buenos Aires: Capital del Espectáculo, libro de Mimi Böhm y Fabio Grementieri. p. 126 | |
| 505 | 0 | _tNOTICIAS | |
| 505 | 0 | _tREVELACIONES | |
| 505 | 0 | _aRita Molinos y Mario Sabugo / El gusto en Pére Lachaise. p. 129 | |
| 505 | 0 | _aFernando Diez / Íntimas: Vivir con la pintura, sobre la plástica de Horacio Spinetto. p. 130 | |
| 505 | 0 | _aRoberto Fernández / Teatro de la memoria. p. 131 | |
| 505 | 0 | _tBLOW - UP: LA MAQUETA CONSTRUIDA | |
| 505 | 0 | _aFernando Diez / Sobre el Metropol Parasol de Sevilla. p. 132 | |
| 650 | _2Arquitectura conteporánea | ||
| 773 | 0 |
_aSumma+ _dBuenos Aires, Argentina _gNº167 (nov; 2018), p. 132 _x0327-9022 |
|
| 908 | _aImp | ||
| 942 |
_2udc _cART |
||
| 945 | _d2022-07-08 | ||
| 980 |
_6138 _aCarolina Rainero _8138 _gCarolina Rainero |
||
| 999 |
_c12326 _d12326 |
||